Presidente sin mancha /
में बचाया:
| मुख्य लेखक: | |
|---|---|
| स्वरूप: | पुस्तक |
| भाषा: | स्पेनिश |
| प्रकाशित: |
México :
Jus,
1959
|
| श्रृंखला: | (Figuras y Episodios de la Historia de México ;
2) |
| विषय: | |
| टैग: |
कोई टैग नहीं, इस रिकॉर्ड को टैग करने वाले पहले व्यक्ति बनें!
|
MARC
| LEADER | 00000nam^a2200000^a^4500 | ||
|---|---|---|---|
| 001 | 000017545 | ||
| 005 | 20250521000000.0 | ||
| 009 | 20260310084143.08 | ||
| 037 | |a Acervo ITESO - Biblioteca | ||
| 041 | |a ESP | ||
| 082 | |a 972. 044 |b TRU | ||
| 100 | |a Trueba, Alfonso |e (autor) | ||
| 245 | 1 | 0 | |a Presidente sin mancha / |c A. Trueba. |
| 264 | 1 | |a México : |b Jus, |c 1959 | |
| 300 | |a 46 p. | ||
| 336 | |a texto |b txt |2 rdacontenido | ||
| 337 | |a sin mediación |b n |2 rdamedio | ||
| 338 | |a volumen |b nc |2 rdasoporte | ||
| 440 | 1 | |a (Figuras y Episodios de la Historia de México ; |v 2) | |
| 649 | |a XX | ||
| 650 | |a México - |x Historia - |y Federalismo, 1846-1853 | ||
| 910 | |a Fondo General | ||
| 920 | |a Impresos - Libros | ||
| 930 | |a Colección General | ||
| 905 | |a 101 | ||
| 901 | |a 0175450100 |b IT1 |c ACC |i 017545 |u 20250521 | ||
| 902 | |a https://opac.biblio.iteso.mx/vufind/Record/000017545 | ||